Evaluación de un filtro anaerobio de flujo ascendente en el tratamiento de aguas residuales domésticas crudas en un período mayor a 200 días

Esta tesis trata de un estudio del comportamiento de un filtro anaeróbico de flujo ascendente a escala de laboratorio, con capacidad de 25,461 para tratar Aguas Residuales Domésticas, con una colectora H-13 ubicada en el reparto San Antonio de la ciudad de Managua. Esta investigación es una cont...

Full description

Bibliographic Details
Main Authors: Lezcano Carcache, Elia Priscilla, Betanco Figueroa, Nelly Ivette
Other Authors: Tutor: López Villalta, Napoleón
Format: Tesis Section = Libro
Language:Undetermined
Spanish
Published: Managua UNI 1998
Subjects:
LEADER 01541nam a2200265Ia 4500
008 240830s9999 xx 000 0 und d
040 |a BIBLIOTECA-RUSB/ Mon 628.5 L624 
041 |a spa 
082 |a Mon 628.5 L624 
100 1 |a Lezcano Carcache, Elia Priscilla  
100 1 |b Betanco Figueroa, Nelly Ivette 
245 1 0 |a Evaluación de un filtro anaerobio de flujo ascendente en el tratamiento de aguas residuales domésticas crudas en un período mayor a 200 días 
260 |a Managua  |b UNI  |c 1998 
300 |a 138 p. :il. 
500 |a Contiene: anexos. 
502 |a Tesis (Ingeniero Químico) - UNI, 1998. 
520 3 |a Esta tesis trata de un estudio del comportamiento de un filtro anaeróbico de flujo ascendente a escala de laboratorio, con capacidad de 25,461 para tratar Aguas Residuales Domésticas, con una colectora H-13 ubicada en el reparto San Antonio de la ciudad de Managua. Esta investigación es una continuación del estudio Arranque y Estabilización de un FAFA, para el tratamiento del ARD. El objetivo de dicho trabajo es evaluar la capacidad del filtro durante un período de trabajo mayor a 200 días de operación continúa, realizando para ello análisis tanto fisicoquímicos como bacteriológicos. 
650 7 |a TRATAMIENTO Y ELIMINACIÓN DE LAS AGUAS NEGRAS 
650 7 |b  NECESIDADES Y USO DOMÉSTICOS 
650 7 |c  INGENIERÍA QUÍMICA 
650 7 |d  INGENIRÍA QUÍMICA I 
700 1 |a Tutor:  |b López Villalta, Napoleón 
942 |c BK  |2 ddc 
991 |a TESIS 
999 |c 20507